|
|
|
|
| LEADER |
00000cam a2200000 7i4500 |
| 001 |
0000008205 |
| 005 |
20161120.0 |
| 040 |
|
|
|a INS
|
| 090 |
0 |
0 |
|a 337.77
|b HAM
|
| 100 |
0 |
|
|a Hamilton, Stanley W.
|
| 245 |
0 |
0 |
|a Urban land economic :
|b Government ownership and the price of land
|c Stanley W. Hamilton, David E. Baxter
|
| 250 |
|
|
|a Reprint no 47
|
| 260 |
|
|
|a Vancover :
|b University of British Colombia Vancover ,
|c 1977
|
| 300 |
|
|
|a 43p. ;
|c 21 cm.
|
| 650 |
0 |
0 |
|a Land use
|x Urban
|
| 650 |
0 |
0 |
|a Urban economics
|
| 700 |
1 |
|
|a Baxter, David E
|
| 999 |
|
|
|a 0000022565
|b BOOK
|c Open Shelf
|e Default branch
|